000 00333nam a2200145Ia 4500
008 191201s2005 xx 000 0 und d
082 _a005.72
_bJAH
100 _aJAIN, Manish
245 0 _aHTML Complete
250 _a2nd
260 _aN.Delhi
_bBPB Publication
_c2005
300 _a1010
650 _aB.Tech(CSE)
942 _2ddc
_cBK
999 _c1981
_d1981